Jurisprudence : Legal Theory (Record no. 50302)

MARC details
000 -LEADER
fixed length control field 00494nam a2200193 4500
005 - DATE AND TIME OF LATEST TRANSACTION
control field 20251106113636.0
008 - FIXED-LENGTH DATA ELEMENTS--GENERAL INFORMATION
fixed length control field 251106b |||||||| |||| 00| 0 eng d
020 ## - INTERNATIONAL STANDARD BOOK NUMBER
International Standard Book Number 9788189530617
041 ## - LANGUAGE CODE
Language code of text/sound track or separate title eng
082 ## - DEWEY DECIMAL CLASSIFICATION NUMBER
Classification number 340.1
Item number JUT
100 ## - MAIN ENTRY--PERSONAL NAME
Personal name Tripathi, Bijai narain mani
245 ## - TITLE STATEMENT
Title Jurisprudence : Legal Theory
250 ## - EDITION STATEMENT
Edition statement 19th ed.
260 ## - PUBLICATION, DISTRIBUTION, ETC.
Place of publication, distribution, etc. Faridabad
Name of publisher, distributor, etc. Allahabad law agency (Law Publishers)
Date of publication, distribution, etc. ..
300 ## - PHYSICAL DESCRIPTION
Extent 544p.
650 ## - SUBJECT ADDED ENTRY--TOPICAL TERM
Topical term or geographic name entry element LAW
700 ## - ADDED ENTRY--PERSONAL NAME
Personal name Mani. Rajiv
942 ## - ADDED ENTRY ELEMENTS (KOHA)
Source of classification or shelving scheme Dewey Decimal Classification
Koha item type Gifted Books
Holdings
Withdrawn status Lost status Source of classification or shelving scheme Damaged status Not for loan Home library Current library Date acquired Cost, normal purchase price Total Checkouts Full call number Barcode Date last seen Price effective from Koha item type
    Dewey Decimal Classification     Chaudhary Ranbir Singh University Chaudhary Ranbir Singh University 06.11.2025 540.00   340.1 JUT G-388 06.11.2025 06.11.2025 Gifted Books


Copyright © 2025 CRSU. All Rights Reserved.